Lo sbarbato /
Uloženo v:
| Hlavní autor: | |
|---|---|
| Médium: | Kniha |
| Jazyk: | italština |
| Vydáno: |
Milano :
Bompiani,
[1967!
|
| Edice: | I delfini ;
192 |
| Tagy: |
Žádné tagy, Buďte první, kdo vytvoří štítek k tomuto záznamu!
|
MARC
| LEADER | 00000nam a22000007i 4500 | ||
|---|---|---|---|
| 001 | IT\ICCU\RAV\0045388 | ||
| 003 | ItRI | ||
| 005 | 20250714195041.0 | ||
| 008 | 890523s1967 it |||||| ||||| |||||c | ||
| 015 | |2 IT |a 677956 | ||
| 040 | |b ita |c ct | ||
| 041 | 7 | |a ita |2 ISO-639-2 | |
| 082 | |a 853.91 |2 16 | ||
| 100 | 1 | |a Simonetta, Umberto |0 IT\ICCU\CFIV\000283 |4 aut | |
| 245 | 1 | 3 | |a Lo sbarbato / |c Umberto Simonetta. |
| 260 | |a Milano : |b Bompiani, |c [1967! | ||
| 300 | |a 212 p. ; |c 21 cm. | ||
| 830 | 2 | |a I delfini ; |v 192 |0 IT\ICCU\RAV\0033167 | |
| 942 | |2 ddc |c BK | ||
| 952 | |0 0 |1 0 |2 ddc |4 0 |6 B_LNR02SIMUMSBA11 |7 1 |9 4603 |a MI |b MI |d 1987-06-13 |i 208 |l 0 |o B-LNR02-SIMUM-SBA11 |p CDOM208 |r 2025-07-04 21:34:30 |w 2025-07-04 |x DONO |y BK | ||
| 981 | 1 | |6 z01 |a i |b xxxe | |
| 982 | 1 | |6 z01 |a n | |
| 999 | |c 6714 |d 6714 | ||